ICC Test Cricketer of the Year Awardees - Statistics

General Stats
  • This quiz has been taken 27 times
    10 since last reset
  • The average score is 11 of 20
Answer Stats
Hint Answer % Correct
2006 Ricky Ponting
100%
2018 Virat Kohli
89%
2021 Joe Root
78%
2013 Michael Clarke
78%
2019 Pat Cummins
78%
2015 Steve Smith
78%
2017 Steve Smith
78%
2008 Dale Steyn
67%
2012 Kumar Sangakkara
67%
2004 Rahul Dravid
56%
2016 Ravichandran Ashwin
56%
2011 Alastair Cook
44%
2005 Jacques Kallis
44%
2024 Jasprit Bumrah
44%
2022 Ben Stokes
33%
2007 Mohammad Yousuf
33%
2014 Mitchell Johnson
22%
2023 Usman Khawaja
22%
2010 Virender Sehwag
22%
2009 Gautam Gambhir
0%
No matching quizzes found
Score Distribution
Percent of People with Each Score
Percentile by Number Answered
Your Score History
You have not taken this quiz since the last reset